| 000 | 00856nam a2200217 4500 | ||
|---|---|---|---|
| 001 | 131697 | ||
| 003 | ES-MaACL | ||
| 005 | 20230906194029.0 | ||
| 007 | t| | ||
| 008 | 070214s1924 sp r ||||1| spa d | ||
| 100 | 1 |
_aRodríguez Lafora, Gonzalo. _998594 |
|
| 245 | 1 | 0 |
_aSíndrome talámico / _cGonzalo R. Lafora. |
| 260 |
_aMadrid : _bJunta para Ampliación de Estudios e Investigaciones Científicas, Laboratorio de Fisiología Cerebral, _c1924. |
||
| 300 |
_a5 p., 1 h. ; _c24 cm. |
||
| 490 | 1 |
_aTrabajos del Laboratorio de Fisiología Cerebral ; _v6 |
|
| 500 | _aPublicado en: Archivos de Neurobiología, t. IV, nº 1. | ||
| 710 | 2 |
_aJunta para la Ampliación de Estudios e Investigaciones Científicas. _95413 |
|
| 830 | 0 |
_aTrabajos del Laboratorio de Fisiología Cerebral ; _v6 _9186875 |
|
| 852 |
_aES-MaACL _j1671-F-3 |
||
| 999 |
_c131697 _d131697 |
||